Documentos de Estudio. Realidad Centroaméricana. Integración y Dependencia en Centroamérica

Đã lưu trong:
Chi tiết về thư mục
Định dạng: Texto
Được phát hành: s.l.: INCEP
Các nhãn: Thêm thẻ
Không có thẻ, Là người đầu tiên thẻ bản ghi này!

MARC

LEADER 00000 a a2200000 04500
001 25320
003
040
090 |a 150023  
245 |a Documentos de Estudio. Realidad Centroaméricana. Integración y Dependencia en Centroamérica  
260 |a s.l.:   |b INCEP  
300 |a pag. cortada  
999 |c 11929  |d 11929